<?xml version="1.0" encoding="UTF-8"?>
<record
    xmlns:xsi="http://www.w3.org/2001/XMLSchema-instance"
    xsi:schemaLocation="http://www.loc.gov/MARC21/slim http://www.loc.gov/standards/marcxml/schema/MARC21slim.xsd"
    xmlns="http://www.loc.gov/MARC21/slim">

  <leader>02192agaaa2200349   4500</leader>
  <controlfield tag="001">5933</controlfield>
  <controlfield tag="003">IT-RoPAU</controlfield>
  <controlfield tag="005">20220918181236.0</controlfield>
  <controlfield tag="007">d cvaizq</controlfield>
  <controlfield tag="008">50131s9999||||xx ||| |     ||   ||und||</controlfield>
  <datafield tag="040" ind1=" " ind2=" ">
    <subfield code="a">IT-RoPAU</subfield>
    <subfield code="c">IT-RoPAU</subfield>
  </datafield>
  <datafield tag="041" ind1=" " ind2=" ">
    <subfield code="a">ITALIANO</subfield>
  </datafield>
  <datafield tag="100" ind1=" " ind2=" ">
    <subfield code="a">Wenders Wim</subfield>
    <subfield code="g">Codice regista SPICS: 499</subfield>
    <subfield code="9">43309</subfield>
  </datafield>
  <datafield tag="130" ind1=" " ind2=" ">
    <subfield code="a">CIELO SOPRA BERLINO (IL)</subfield>
    <subfield code="9">43310</subfield>
  </datafield>
  <datafield tag="240" ind1=" " ind2=" ">
    <subfield code="a">DER HIMMEL UBER BERLIN</subfield>
    <subfield code="g">T3520</subfield>
  </datafield>
  <datafield tag="245" ind1=" " ind2=" ">
    <subfield code="a">CIELO SOPRA BERLINO (IL)</subfield>
    <subfield code="c">Prodotto da: Dauman Anatole -- Sceneggiatura: Wenders Wim Handke Peter -- Diretto da: Wenders Wim</subfield>
    <subfield code="p">CIELO SOPRA BERLINO (IL) (Rif. Codice opera principale : H5933)</subfield>
  </datafield>
  <datafield tag="246" ind1=" " ind2=" ">
    <subfield code="a">DER HIMMEL UBER BERLIN</subfield>
  </datafield>
  <datafield tag="250" ind1=" " ind2=" ">
    <subfield code="a">Edizione Standard</subfield>
  </datafield>
  <datafield tag="260" ind1=" " ind2=" ">
    <subfield code="a">PARIGI - BERLINO (FRA - GER. OCC.)</subfield>
    <subfield code="b">ARGOS FILMS - ROAD MOVIES / Distribuzione: L'ESPRESSO</subfield>
    <subfield code="g">"1987 (1&#xB0; ed.: 2005 ; Ed. Lingua Orig.: 1987)"</subfield>
  </datafield>
  <datafield tag="300" ind1=" " ind2=" ">
    <subfield code="a">DVD</subfield>
    <subfield code="b">sonoro, col.</subfield>
    <subfield code="c">123 minuti</subfield>
  </datafield>
  <datafield tag="508" ind1=" " ind2=" ">
    <subfield code="a">"Fotografia: Alekan Henri; Montaggio: Przygodda Peter; Musica: Knieper Jurgen; Sceneggiatura: Wenders Wim Handke Peter; Scenografia: Ludi Heidi; Soggetto: Wenders Wim -- Handke Peter"</subfield>
  </datafield>
  <datafield tag="511" ind1=" " ind2=" ">
    <subfield code="a">"Ganz Bruno; Sander Otto; Falk Peter; Dommartin Solveig; Harder Teresa; Bois Kurt"</subfield>
  </datafield>
  <datafield tag="520" ind1=" " ind2=" ">
    <subfield code="a">VAGANDO PER UNA BERLINO ANCORA DIVISA E OSSERVANDO LA SUA UMANITA', UN GIORNO L'ANGELO DAMIEL SI INNAMORA DI MARION, UNA TRAPEZISTA FRANCESE. INCORAGGIATO DA PETER FALK, IN CITTA' PER GIRARE UN FILM SUL NAZISMO E CHE SI RIVELA LUI STESSO UN EX ANGELO, DAMIEL DECIDE ALLORA DI ABBANDONARE L'IMMORTALITA' A FAVORE DELLA VITA TERRENA. UNA MODERNA FAVOLA CHE CONIUGA MALINCONIA E TENEREZZA, IN UN INNO D'AMORE ALLA METROPOLI TEDESCA E ALLA SUA TRAGICA STORIA. PALMA D'ORO X LA MIGLIOR REGIA AL FESTIVAL DI CANNES 1987.</subfield>
  </datafield>
  <datafield tag="538" ind1=" " ind2=" ">
    <subfield code="a">PAL, STEREO</subfield>
  </datafield>
  <datafield tag="546" ind1=" " ind2=" ">
    <subfield code="a">ITALIANO</subfield>
  </datafield>
  <datafield tag="650" ind1=" " ind2=" ">
    <subfield code="a">DRAMMA - FANTASY</subfield>
    <subfield code="e">DVD-FILM [DVD]</subfield>
    <subfield code="x">Codice MATERIA SPICS: 9947</subfield>
    <subfield code="9">43311</subfield>
  </datafield>
  <datafield tag="700" ind1=" " ind2=" ">
    <subfield code="a">Handke Peter </subfield>
    <subfield code="e">(soggetto)</subfield>
    <subfield code="g">Codice Soggetto 2&#xB0; SPICS: 31201</subfield>
    <subfield code="9">43312</subfield>
  </datafield>
  <datafield tag="700" ind1=" " ind2=" ">
    <subfield code="a">Knieper Jurgen</subfield>
    <subfield code="e">(musica)</subfield>
    <subfield code="g">Codice Musica SPICS: 29532</subfield>
    <subfield code="9">43313</subfield>
  </datafield>
  <datafield tag="700" ind1=" " ind2=" ">
    <subfield code="a">Wenders Wim </subfield>
    <subfield code="e">(regista)</subfield>
    <subfield code="g">Codice regista SPICS: 499</subfield>
    <subfield code="9">43314</subfield>
  </datafield>
  <datafield tag="700" ind1=" " ind2=" ">
    <subfield code="a">Wenders Wim </subfield>
    <subfield code="e">(soggetto)</subfield>
    <subfield code="g">Codice Soggetto SPICS: 499</subfield>
    <subfield code="9">43315</subfield>
  </datafield>
  <datafield tag="942" ind1=" " ind2=" ">
    <subfield code="c">DV</subfield>
    <subfield code="2">ddc</subfield>
  </datafield>
  <datafield tag="999" ind1=" " ind2=" ">
    <subfield code="c">105777</subfield>
    <subfield code="d">105777</subfield>
  </datafield>
  <datafield tag="952" ind1=" " ind2=" ">
    <subfield code="0">0</subfield>
    <subfield code="1">0</subfield>
    <subfield code="4">0</subfield>
    <subfield code="6">H_5933_000000000000000</subfield>
    <subfield code="7">1</subfield>
    <subfield code="a">SPICS</subfield>
    <subfield code="b">SPICS</subfield>
    <subfield code="d">2015-01-31</subfield>
    <subfield code="l">0</subfield>
    <subfield code="o">H5933</subfield>
    <subfield code="r">2015-01-31 00:00:00</subfield>
    <subfield code="w">2015-01-31</subfield>
    <subfield code="y">DV</subfield>
    <subfield code="z">Progr. Ins.: 3340 / N.Vol.:1 / Copie: 1 / Pag.:0 / Copia rara: n.d. / date import: 1.2.2015 / By Epidotti, Trombetti, Vaglietti</subfield>
  </datafield>
</record>
